000
00317nam a2200145Ia 4500
003
OSt
005
20240307151215.0
008
170524s9999 xx 000 0 und d
020
_a
9789380156545
040
_c
IIMTU MEERUT
100
_a
RAJAGOPAL- A.
245
0
_a
LEARNING PHYSICS
260
_b
Ane
942
_2
ddc
_c
02
999
_c
7755
_d
7755